Les 10 meilleurs latéraux droits ALL TIME - Statistiques

Statistiques générales
  • Ce quiz a été pris 163 fois
  • Le résultat moyen est 5 sur 10
Statistiques - réponses
Joueurs % Correct
1. Alves
86%
2. Cafu
74%
5. Carvajal
69%
3. Lahm
62%
10. Walker
44%
4. Zanetti
40%
9. Thuram
33%
6. Carlos Alberto
26%
8. Zambrotta
25%
7. Maicon
15%
Aucun quiz correspondant
Distribution des résultats
% des personnes avec chaque résultat
Percentile par nombre de réponses
Votre historique - résultats
Vous n’avez pas pris ce quiz